000 00209nam a2200109Ia 4500
100 _a#N/A
942 _cBK
654 _aproduct
245 _aProduct Management in India
260 _b#N/A
546 _aENGLISH
999 _c23010
_d23010